<?xml version="1.0" encoding="UTF-8"?>
<record
    xmlns:xsi="http://www.w3.org/2001/XMLSchema-instance"
    xsi:schemaLocation="http://www.loc.gov/MARC21/slim http://www.loc.gov/standards/marcxml/schema/MARC21slim.xsd"
    xmlns="http://www.loc.gov/MARC21/slim">

  <leader>01549nam a2200433 i 4500</leader>
  <controlfield tag="001">46692</controlfield>
  <controlfield tag="003">FlNmELB</controlfield>
  <controlfield tag="005">20241216231813.0</controlfield>
  <controlfield tag="006">m     o  d |      </controlfield>
  <controlfield tag="007">cr cnu||||||||</controlfield>
  <controlfield tag="008">140323s2013    sp      ob    001 0 spa d</controlfield>
  <datafield tag="020" ind1=" " ind2=" ">
    <subfield code="z">9788490298824</subfield>
  </datafield>
  <datafield tag="020" ind1=" " ind2=" ">
    <subfield code="a">9788490640173 (e book)</subfield>
  </datafield>
  <datafield tag="035" ind1=" " ind2=" ">
    <subfield code="a">(MiAaPQ)EBC3217669</subfield>
  </datafield>
  <datafield tag="035" ind1=" " ind2=" ">
    <subfield code="a">(Au-PeEL)EBL3217669</subfield>
  </datafield>
  <datafield tag="035" ind1=" " ind2=" ">
    <subfield code="a">(CaPaEBR)ebr10831811</subfield>
  </datafield>
  <datafield tag="035" ind1=" " ind2=" ">
    <subfield code="a">(OCoLC)992000924</subfield>
  </datafield>
  <datafield tag="040" ind1=" " ind2=" ">
    <subfield code="a">FINmELB</subfield>
    <subfield code="b">spa</subfield>
    <subfield code="e">rda</subfield>
    <subfield code="c">FINmELB</subfield>
  </datafield>
  <datafield tag="050" ind1=" " ind2="4">
    <subfield code="a">P62</subfield>
    <subfield code="b">L123 2013</subfield>
  </datafield>
  <datafield tag="080" ind1=" " ind2=" ">
    <subfield code="a">801(093)(04)</subfield>
  </datafield>
  <datafield tag="082" ind1="0" ind2=" ">
    <subfield code="a">410.9</subfield>
    <subfield code="2">23</subfield>
  </datafield>
  <datafield tag="100" ind1="1" ind2=" ">
    <subfield code="a">Laborda Gil, Xavier.</subfield>
  </datafield>
  <datafield tag="245" ind1="1" ind2="3">
    <subfield code="a">El anzuelo de Plat&#xF3;n /</subfield>
    <subfield code="c">Xavier Laborda Gil.</subfield>
  </datafield>
  <datafield tag="264" ind1=" " ind2="1">
    <subfield code="a">Barcelona :</subfield>
    <subfield code="b">Editorial UOC,</subfield>
    <subfield code="c">2013.</subfield>
  </datafield>
  <datafield tag="300" ind1=" " ind2=" ">
    <subfield code="a">1 recurso en l&#xED;nea (i, 179 p&#xE1;ginas)</subfield>
  </datafield>
  <datafield tag="336" ind1=" " ind2=" ">
    <subfield code="a">texto</subfield>
    <subfield code="b">txt</subfield>
    <subfield code="2">rdacontent/spa</subfield>
  </datafield>
  <datafield tag="337" ind1=" " ind2=" ">
    <subfield code="a">computadora</subfield>
    <subfield code="b">c</subfield>
    <subfield code="2">rdamedia/spa</subfield>
  </datafield>
  <datafield tag="338" ind1=" " ind2=" ">
    <subfield code="a">recurso en l&#xED;nea</subfield>
    <subfield code="b">cr</subfield>
    <subfield code="2">rdacarrier/spa</subfield>
  </datafield>
  <datafield tag="500" ind1=" " ind2=" ">
    <subfield code="a">Contiene &#xED;ndice.</subfield>
  </datafield>
  <datafield tag="504" ind1=" " ind2=" ">
    <subfield code="a">Contiene bibliograf&#xED;a.</subfield>
  </datafield>
  <datafield tag="588" ind1=" " ind2=" ">
    <subfield code="a">Descripci&#xF3;n basada en recurso en l&#xED;nea; T&#xED;tulo de la p&#xE1;gina del t&#xED;tulo en PDF (e-libro, visto March 23, 2014).</subfield>
  </datafield>
  <datafield tag="590" ind1=" " ind2=" ">
    <subfield code="a">Recurso electr&#xF3;nico. Santa Fe, Arg.: e-libro, 2015. Disponible v&#xED;a World Wide Web. El acceso puede estar limitado para las bibliotecas afiliadas a e-libro.</subfield>
  </datafield>
  <datafield tag="650" ind1=" " ind2="0">
    <subfield code="a">Linguistics</subfield>
    <subfield code="x">Historiography.</subfield>
  </datafield>
  <datafield tag="650" ind1=" " ind2="4">
    <subfield code="a">Ling&#xFC;&#xED;stica.</subfield>
  </datafield>
  <datafield tag="650" ind1=" " ind2="4">
    <subfield code="a">Historiograf&#xED;a.</subfield>
  </datafield>
  <datafield tag="655" ind1=" " ind2="4">
    <subfield code="a">Libros electr&#xF3;nicos.</subfield>
  </datafield>
  <datafield tag="797" ind1="2" ind2=" ">
    <subfield code="a">e-libro, Corp.</subfield>
  </datafield>
  <datafield tag="856" ind1="4" ind2="0">
    <subfield code="u">https://elibro.net/ereader/politecnicointernacional/57598</subfield>
  </datafield>
  <datafield tag="999" ind1=" " ind2=" ">
    <subfield code="c">46692</subfield>
    <subfield code="d">46692</subfield>
  </datafield>
</record>
